| 000 | 00551nam a22001937a 4500 | ||
|---|---|---|---|
| 005 | 20240514100612.0 | ||
| 008 | 240514b |||||||| |||| 00| 0 eng d | ||
| 020 | _a978-0-470-10949-6 | ||
| 082 |
_a005.133 _bZAK-A |
||
| 100 | _aZakas;Nicholas.C | ||
| 245 |
_aAjax/ _bProfessional/ _cNicholas Zakas.C |
||
| 250 | _a2nd ed. | ||
| 260 |
_aUSA; _bWiley Publishing; _c2007 |
||
| 300 |
_axx, 598 p.: _bill; _c23.5 cm. |
||
| 500 | _aInclude index. | ||
| 650 | _aComputer Science/Computer Programming | ||
| 700 | _aJeremy McPeak; Joe Fawcett | ||
| 999 |
_c35765 _d35765 |
||